| 000 | 00439nam a22001697a 4500 | ||
|---|---|---|---|
| 003 | CEME | ||
| 005 | 20210628205635.0 | ||
| 008 | 210309b xxu||||| |||| 00| 0 eng d | ||
| 040 | _c. | ||
| 082 | _a608 INV | ||
| 100 |
_aReader's Digest _926775 |
||
| 245 | _aThe 20th century inventions that chagned the world | ||
| 260 |
_aUSA _bREADER'S DIGEST _c1995 |
||
| 300 | _a150P | ||
| 650 |
_aINVENTIONS-20TH CENTURY _976409 |
||
| 942 |
_cBK _2ddc |
||
| 999 |
_c581798 _d581798 |
||